[Event "AUT-ch Open 2020"]
[Site "Graz"]
[Date "2020.02.15"]
[Round "2.7"]
[White "Tolonen, Mikko"]
[Black "Huber, Martin Christian"]
[Result "0-1"]
[WhiteElo "2090"]
[BlackElo "2340"]
[Annotator "ChessBase"]
[PlyCount "116"]
[EventDate "2020.02.14"]
[EventType "swiss"]
[EventCountry "AUT"]
[SourceTitle "playchess.com"]
[Source "ChessBase"]
[SourceQuality "1"]
[TimeControl "40/5400+30:1800+30"]

1. e4 {[%emt 0:00:00]} c5 {[%emt 0:00:00]} 2. Nc3 {[%emt 0:00:00]} Nc6 {[%emt 0:00:09]} 3. Bb5 {[%emt 0:00:09]} Nd4 {[%emt 0:00:10]} 4. Nf3 {[%emt 0:00:12]} e6 {[%emt 0:00:05]} 5. O-O {[%emt 0:02:18]} a6 {[%emt 0:01:15]} 6. Bd3 {[%emt 0:03:19]} Nc6 {[%emt 0:00:51]} 7. Re1 {[%emt 0:01:16]} g5 {[%emt 0:06:57]} 8. Kh1 {[%emt 0:28:25]} Bg7 {[%emt 0:07:43]} 9. b3 {[%emt 0:03:21]} h5 {[%emt 0:07:00]} 10. Bb2 {[%emt 0:04:28]} g4 {[%emt 0:01:31]} 11. Ng1 {[%emt 0:00:22]} Nge7 {[%emt 0:00:19]} 12. Na4 {[%emt 0:10:40]} Bxb2 {[%emt 0:13:39]} 13. Nxb2 {[%emt 0:00:08]} Ng6 {[%emt 0:07:46]} 14. c3 {[%emt 0:05:03]} b5 {[%emt 0:23:59]} 15. Bc2 {[%emt 0:10:26]} Qf6 {[%emt 0:03:02]} 16. Qe2 {[%emt 0:00:41]} d6 {[%emt 0:02:13]} 17. a4 {[%emt 0:01:54]} Rb8 {[%emt 0:01:02]} 18. axb5 {[%emt 0:00:17]} axb5 {[%emt 0:00:06]} 19. Qe3 {[%emt 0:00:30]} h4 {[%emt 0:05:36]} 20. h3 {[%emt 0:07:12]} gxh3 {[%emt 0:01:30]} 21. Nxh3 {[%emt 0:00:32]} e5 {[%emt 0:03:19]} 22. Kh2 {[%emt 0:03:48]} Nf4 {[%emt 0:02:24]} 23. Nd3 {[%emt 0:03:27]} Nxd3 {[%emt 0:07:59]} 24. Bxd3 {[%emt 0:00:17]} Rg8 {[%emt 0:01:04]} 25. Rf1 {[%emt 0:01:12]} Bxh3 {[%emt 0:01:32]} 26. gxh3 {[%emt 0:01:54]} Qf4+ {[%emt 0:00:30]} 27. Kh1 {[%emt 0:04:59]} Ke7 {[%emt 0:00:53]} 28. Rg1 {[%emt 0:00:21]} Qf6 {[%emt 0:00:52]} 29. Be2 {[%emt 0:01:24]} Rxg1+ {[%emt 0:00:24]} 30. Rxg1 {[%emt 0:00:09]} Nd8 {[%emt 0:00:32]} 31. Rg8 {[%emt 0:02:28]} b4 {[%emt 0:00:09]} 32. Bc4 {[%emt 0:00:27]} bxc3 {[%emt 0:00:12]} 33. dxc3 {[%emt 0:00:09]} Ra8 {[%emt 0:00:12]} 34. Bb5 {[%emt 0:02:01]} Qf4 {[%emt 0:00:49]} 35. Qxf4 {[%emt 0:00:23]} exf4 {[%emt 0:00:06]} 36. Kg2 {[%emt 0:00:09]} Ra5 {[%emt 0:01:11]} 37. Re8+ {[%emt 0:03:18]} Kf6 {[%emt 0:00:01]} 38. Rxd8 {[%emt 0:00:32]} Rxb5 {[%emt 0:00:05]} 39. Rxd6+ {[%emt 0:00:23]} Ke5 {[%emt 0:00:53]} 40. Rd5+ {[%emt 0:00:51]} Kxe4 {[%emt 0:00:30]} 41. Rh5 {[%emt 0:09:20]} Rxb3 {[%emt 0:04:48]} 42. Rxc5 {[%emt 0:00:48]} f3+ {[%emt 0:06:27]} 43. Kh2 {[%emt 0:00:40]} Kd3 {[%emt 0:02:20]} 44. Rh5 {[%emt 0:06:27]} Ke2 {[%emt 0:08:23]} 45. Rxh4 {[%emt 0:00:32]} Kxf2 {[%emt 0:00:06]} 46. Rf4 {[%emt 0:00:27]} Rb2 {[%emt 0:07:57]} 47. Rxf7 {[%emt 0:02:00]} Ke3+ {[%emt 0:03:11]} 48. Kg3 {[%emt 0:01:07]} Rg2+ {[%emt 0:00:19]} 49. Kh4 {[%emt 0:00:06]} f2 {[%emt 0:00:20]} 50. Re7+ {[%emt 0:05:05]} Kd3 {[%emt 0:00:07]} 51. Rf7 {[%emt 0:00:31]} Ke2 {[%emt 0:00:13]} 52. Re7+ {[%emt 0:00:38]} Kf1 {[%emt 0:00:09]} 53. c4 {[%emt 0:01:55]} Kg1 {[%emt 0:00:07]} 54. Rf7 {[%emt 0:00:09]} f1=Q {[%emt 0:00:22]} 55. Rxf1+ {[%emt 0:00:07]} Kxf1 {[%emt 0:00:02]} 56. Kh5 {[%emt 0:00:24]} Kf2 {[%emt 0:00:39]} 57. h4 {[%emt 0:01:34]} Kf3 {[%emt 0:00:10]} 58. c5 {[%emt 0:00:57]} Kf4 {[%emt 0:00:06]} 0-1

[Event "AUT-ch Open 2020"]
[Site "Graz"]
[Date "2020.02.15"]
[Round "2.8"]
[White "Palac, Mladen"]
[Black "Chylewski, Patryk"]
[Result "1-0"]
[WhiteElo "2536"]
[BlackElo "2536"]
[Annotator "TA"]
[PlyCount "45"]
[EventDate "2020.02.14"]
[EventType "swiss"]
[EventCountry "AUT"]
[SourceTitle "playchess.com"]
[Source "ChessBase"]
[SourceQuality "1"]

{[%evp 14,45,29,18,32,24,25,13,14,32,29,31,22,31,29,22,17,-10,49,43,47,43,58,45,41,34,1607,1516,1924,1341,29992,29993,29994,995]} 1. e4 c5 2. Nf3 e6 3. d4 cxd4 4. Nxd4 Nc6 5. Nc3 Qc7 6. g3 a6 7. Bg2 Nf6 8. O-O h5 {B47: Sicilian: Taimanov: 5 Nc3 Qc7 6 f4, 6 g3 and 6 Be2.} 9. h3 Bc5 10. Nxc6 dxc6 {The position is equal.} 11. e5 Qxe5 12. Bf4 Qd4 13. Qe2 Be7 14. Rfd1 {[#]} Qb6 $146 ({Predecessor:} 14... Qa7 15. Na4 Bd7 16. Be5 c5 17. Nc3 Rc8 18. Ne4 Nxe4 19. Bxe4 Bf6 20. Bxf6 gxf6 {½-½ (154) Alinasab,M (2295)-Nandhidhaa,P (2267) Makati 2018}) 15. Ne4 O-O ({Reject} 15... Qxb2 $6 16. Nd6+ Bxd6 17. Bxd6 $16) (15... Nxe4 $11 16. Bxe4 Kf8) 16. c4 $14 Nxe4 17. Bxe4 h4 18. gxh4 ({Weaker is} 18. Qh5 f5 $17) 18... Bxh4 19. Bd6 $40 {[%mdl 128] White has some attack.} Re8 $2 {[%mdl 8192] [#]} (19... f5 $14) 20. Qh5 $1 $18 {[%csl Ge4][%cal Rh5h7][%mdl 512]} Qxf2+ 21. Kh1 {[%csl Ge4][%cal Rh5h7]} g6 {[#]} 22. Bxg6 $1 {[%mdl 512]} fxg6 23. Qxg6+ {[%mdl 64] Double Attack. Accuracy: White = 93%, Black = 58%.} 1-0

[Event "AUT-ch Open 2020"]
[Site "Graz"]
[Date "2020.02.15"]
[Round "2.8"]
[White "Zadruzny, Nicolaj"]
[Black "Pavlov, Mark"]
[Result "1-0"]
[WhiteElo "2334"]
[BlackElo "2152"]
[Annotator "ChessBase"]
[PlyCount "129"]
[EventDate "2020.02.14"]
[EventType "swiss"]
[EventCountry "AUT"]
[SourceTitle "playchess.com"]
[Source "ChessBase"]
[SourceQuality "1"]
[TimeControl "40/5400+30:1800+30"]

1. Nf3 {[%emt 0:00:00]} Nf6 {[%emt 0:00:58]} 2. g3 {[%emt 0:00:00]} b5 {[%emt 0:03:29]} 3. Bg2 {[%emt 0:01:59]} Bb7 {[%emt 0:00:04]} 4. O-O {[%emt 0:04:13]} e6 {[%emt 0:00:13]} 5. d3 {[%emt 0:04:26]} d5 {[%emt 0:04:07]} 6. Nbd2 {[%emt 0:01:31]} Be7 {[%emt 0:02:58]} 7. e4 {[%emt 0:06:09]} O-O {[%emt 0:01:32]} 8. Re1 {[%emt 0:02:31]} c5 {[%emt 0:02:00]} 9. exd5 {[%emt 0:03:34]} exd5 {[%emt 0:02:25]} 10. a4 {[%emt 0:01:17]} a6 {[%emt 0:06:46]} 11. d4 {[%emt 0:05:48]} Nbd7 {[%emt 0:09:25]} 12. dxc5 {[%emt 0:02:26]} Bxc5 {[%emt 0:03:54]} 13. Nb3 {[%emt 0:01:16]} Bb6 {[%emt 0:00:27]} 14. axb5 {[%emt 0:07:52]} axb5 {[%emt 0:00:08]} 15. Rxa8 {[%emt 0:00:07]} Qxa8 {[%emt 0:00:12]} 16. Nfd4 {[%emt 0:54:51]} Ne4 {[%emt 0:07:41]} 17. Be3 {[%emt 0:00:00]} Ne5 {[%emt 0:01:58]} 18. Nxb5 {[%emt 0:00:00]} Bxe3 {[%emt 0:00:13]} 19. Rxe3 {[%emt 0:00:00]} Nc4 {[%emt 0:00:25]} 20. Re1 {[%emt 0:00:00]} Nxb2 {[%emt 0:04:30]} 21. Qd4 {[%emt 0:00:00]} Qa4 {[%emt 0:00:10]} 22. Qxa4 {[%emt 0:00:00]} Nxa4 {[%emt 0:00:08]} 23. Na5 {[%emt 0:00:00]} Ba8 {[%emt 0:00:51]} 24. Nc7 {[%emt 0:00:00]} Nac3 {[%emt 0:01:49]} 25. f3 {[%emt 0:00:00]} Nd6 {[%emt 0:02:19]} 26. Bh3 {[%emt 0:00:00]} d4 {[%emt 0:01:39]} 27. Kf2 {[%emt 0:00:00]} h6 {[%emt 0:01:40]} 28. Nb3 {[%emt 0:00:00]} Ndb5 {[%emt 0:15:18]} 29. Nxb5 {[%emt 0:00:00]} Nxb5 {[%emt 0:00:07]} 30. Bf1 {[%emt 0:00:00]} Nc3 {[%emt 0:09:36]} 31. Nxd4 {[%emt 0:00:00]} Rd8 {[%emt 0:02:41]} 32. Bd3 {[%emt 0:00:00]} g6 {[%emt 0:00:33]} 33. Ra1 {[%emt 0:02:29]} Nd5 {[%emt 0:01:21]} 34. Be4 {[%emt 0:00:50]} Nc3 {[%emt 0:00:45]} 35. Bd3 {[%emt 0:01:42]} Nd5 {[%emt 0:00:04]} 36. Be4 {[%emt 0:02:29]} Nc3 {[%emt 0:00:11]} 37. Bxa8 {[%emt 0:00:06]} Rxd4 {[%emt 0:00:03]} 38. Ke3 {[%emt 0:00:31]} Rd6 {[%emt 0:00:13]} 39. Ra3 {[%emt 0:01:50]} Re6+ {[%emt 0:01:29]} 40. Kd3 {[%emt 0:00:49]} Nd1 {[%emt 0:00:19]} 41. Kd2 {[%emt 0:03:01]} Nb2 {[%emt 0:01:11]} 42. Bd5 {[%emt 0:07:20]} Rd6 {[%emt 0:01:08]} 43. Kc1 {[%emt 0:00:10]} Rxd5 {[%emt 0:00:09]} 44. Kxb2 {[%emt 0:00:05]} Rd2 {[%emt 0:00:07]} 45. h4 {[%emt 0:00:08]} Rg2 {[%emt 0:00:10]} 46. f4 {[%emt 0:00:07]} Kg7 {[%emt 0:00:00]} 47. Re3 {[%emt 0:04:27]} g5 {[%emt 0:00:09]} 48. fxg5 {[%emt 0:00:42]} hxg5 {[%emt 0:00:06]} 49. hxg5 {[%emt 0:00:11]} Kg6 {[%emt 0:00:03]} 50. Kb3 {[%emt 0:05:46]} Kxg5 {[%emt 0:00:08]} 51. c4 {[%emt 0:00:09]} f5 {[%emt 0:04:36]} 52. c5 {[%emt 0:00:38]} f4 {[%emt 0:00:27]} 53. gxf4+ {[%emt 0:00:05]} Kxf4 {[%emt 0:00:03]} 54. Re1 {[%emt 0:00:08]} Kf5 {[%emt 0:01:50]} 55. Kc4 {[%emt 0:00:35]} Rc2+ {[%emt 0:00:27]} 56. Kd5 {[%emt 0:00:36]} Rd2+ {[%emt 0:00:10]} 57. Kc6 {[%emt 0:00:08]} Rc2 {[%emt 0:00:03]} 58. Kb6 {[%emt 0:00:28]} Rb2+ {[%emt 0:00:10]} 59. Kc7 {[%emt 0:00:07]} Rc2 {[%emt 0:00:06]} 60. c6 {[%emt 0:00:11]} Kf6 {[%emt 0:00:28]} 61. Kd7 {[%emt 0:00:54]} Rd2+ {[%emt 0:00:06]} 62. Kc8 {[%emt 0:00:10]} Rc2 {[%emt 0:00:04]} 63. c7 {[%emt 0:00:07]} Kf7 {[%emt 0:00:11]} 64. Rb1 {[%emt 0:00:30]} Ke7 {[%emt 0:01:36]} 65. Kb8 {[%emt 0:00:15]} 1-0

[Event "AUT-ch Open 2020"]
[Site "Graz"]
[Date "2020.02.15"]
[Round "2.9"]
[White "Paltrinieri, Nicholas"]
[Black "Novikov, Stanislav"]
[Result "1/2-1/2"]
[WhiteElo "2531"]
[BlackElo "2531"]
[Annotator "TA"]
[PlyCount "113"]
[EventDate "2020.02.14"]
[EventType "swiss"]
[EventCountry "AUT"]
[SourceTitle "playchess.com"]
[Source "ChessBase"]
[SourceQuality "1"]

{[%evp 15,113,-39,0,9,13,5,4,-10,0,-9,0,0,0,0,0,-16,11,1,13,13,11,18,15,9,7,11,8,0,0,0,12,14,12,11,10,13,74,70,76,74,127,127,127,127,127,97,97,104,127,127,127,127,134,8,8,8,8,8,8,8,8,8,8,8,8,8,8,0,0,0,0,0,0,0,0,0,0,0,0,0,0,0,0,0,0,0,0,0,0,0,0,0,0,0,0,0,0,0,0,0]} 1. d4 g6 2. Bf4 Bg7 3. e3 Nf6 4. h3 O-O 5. Nf3 d6 6. Be2 b6 7. O-O Bb7 8. c4 c5 9. Nc3 {A48: 1 d4 Nf6 2 Nf3 g6: Torre, London and Colle Systems.} cxd4 10. exd4 d5 11. Rc1 Nc6 12. Ne5 dxc4 13. Nxc6 Bxc6 14. Bxc4 {[#]} Nd5 $146 ({Predecessor:} 14... Rc8 15. Ba6 Ra8 16. Be5 Qd7 17. Qe2 Bh6 18. Rc2 Nd5 19. Nxd5 Qxd5 20. f3 Rad8 {0-1 (54) Blom,V (2127)-Hachijan,A (2173) Haarlem 2011}) 15. Be5 Bxe5 16. dxe5 {[%cal Rc4d5]} Nf4 17. Qg4 Qd4 ({Wrong is} 17... Nxg2 $2 18. Ne4 $18) 18. Ne2 Nxe2+ 19. Bxe2 Qxg4 20. Bxg4 Bd5 21. a3 e6 22. Rc7 Rfc8 23. Rfc1 Rxc7 24. Rxc7 $11 {[%mdl 4096] Endgame KRB-KRB} a5 25. Be2 a4 (25... Rd8 $11 {keeps the balance.}) 26. f4 $16 Ra5 27. Kf2 h5 (27... Bb3 $142) 28. g3 Bb3 29. Ke3 Rd5 30. Rc8+ Kg7 31. h4 b5 32. Bd3 Ba2 33. Ke4 Bb3 34. Rb8 (34. Rc1 $16) 34... Bc4 $11 {The position is equal.} 35. Bxc4 bxc4 {KR-KR} 36. Rb4 Rd2 37. Rxa4 Rxb2 38. Rxc4 Rb3 39. a4 {[%cal Ba3a4,Ba4a5,Ba5a6][%mdl 32]} Rxg3 40. Kd4 {[#] And now Kc5 would win.} Rh3 $1 41. Kc5 {Hoping for a5.} Rxh4 42. a5 {aiming for a6.} Rh1 $1 43. a6 {Strongly threatening Ra4.} h4 44. Rb4 h3 45. Kb6 Rg1 {[#] Threatens to win with ...h2.} (45... Ra1 $5 46. Rb2 $8 f6 $11) 46. Rb2 Rg2 47. Rb3 h2 48. Rh3 Rb2+ 49. Kc7 Ra2 (49... g5 $5 50. fxg5 Ra2 $11) 50. Kb7 Rb2+ (50... g5 $5 51. a7 (51. fxg5 Rb2+ 52. Kc7 Ra2 $11) 51... Rb2+ 52. Kc6 Ra2 $11) 51. Kc7 Ra2 52. Kb7 Rb2+ 53. Kc7 Ra2 54. Kb7 Rb2+ 55. Kc7 Ra2 56. Kb7 Rb2+ 57. Kc7 {Accuracy: White = 92%, Black = 92%.} 1/2-1/2

[Event "AUT-ch Open 2020"]
[Site "Graz"]
[Date "2020.02.15"]
[Round "2.9"]
[White "Sandhoefner, Florian"]
[Black "Eibinger, Manuel"]
[Result "1-0"]
[WhiteElo "2328"]
[BlackElo "2021"]
[Annotator "ChessBase"]
[PlyCount "87"]
[EventDate "2020.02.14"]
[EventType "swiss"]
[EventCountry "AUT"]
[SourceTitle "playchess.com"]
[Source "ChessBase"]
[SourceQuality "1"]
[TimeControl "40/5400+30:1800+30"]

1. e4 {[%emt 0:00:00]} c5 {[%emt 0:00:00]} 2. Nf3 {[%emt 0:00:00]} e6 {[%emt 0:00:00]} 3. d4 {[%emt 0:00:00]} cxd4 {[%emt 0:00:00]} 4. Nxd4 {[%emt 0:00:00]} Nc6 {[%emt 0:00:00]} 5. Nc3 {[%emt 0:00:00]} Qc7 {[%emt 0:00:00]} 6. Be2 {[%emt 0:00:00]} Nf6 {[%emt 0:00:10]} 7. O-O {[%emt 0:00:02]} Be7 {[%emt 0:00:10]} 8. Kh1 {[%emt 0:00:24]} O-O {[%emt 0:00:20]} 9. f4 {[%emt 0:00:40]} d6 {[%emt 0:00:08]} 10. Be3 {[%emt 0:00:11]} Nxd4 {[%emt 0:04:44]} 11. Bxd4 {[%emt 0:00:04]} e5 {[%emt 0:00:41]} 12. Be3 {[%emt 0:00:55]} exf4 {[%emt 0:00:13]} 13. Bxf4 {[%emt 0:00:27]} Be6 {[%emt 0:00:11]} 14. Bd3 {[%emt 0:04:09]} Rfd8 {[%emt 0:07:33]} 15. Qf3 {[%emt 0:11:25]} Qa5 {[%emt 0:04:12]} 16. Rae1 {[%emt 0:03:32]} Qh5 {[%emt 0:04:16]} 17. Qf2 {[%emt 0:15:37]} Ng4 {[%emt 0:16:05]} 18. Qd2 {[%emt 0:02:14]} Ne5 {[%emt 0:13:46]} 19. Nd5 {[%emt 0:04:36]} Bf8 {[%emt 0:02:56]} 20. Nc7 {[%emt 0:12:01]} Nxd3 {[%emt 0:05:49]} 21. Qxd3 {[%emt 0:03:50]} Rac8 {[%emt 0:02:10]} 22. Nxe6 {[%emt 0:00:19]} fxe6 {[%emt 0:00:03]} 23. Qb3 {[%emt 0:00:35]} d5 {[%emt 0:01:28]} 24. c3 {[%emt 0:12:10]} b6 {[%emt 0:03:32]} 25. exd5 {[%emt 0:01:19]} exd5 {[%emt 0:34:03]} 26. Re5 {[%emt 0:01:10]} Qf7 {[%emt 0:00:00]} 27. Qd1 {[%emt 0:00:59]} Qb7 {[%emt 0:00:00]} 28. Bg5 {[%emt 0:01:42]} Rd7 {[%emt 0:00:00]} 29. Rff5 {[%emt 0:16:48]} h6 {[%emt 0:00:00]} 30. Bh4 {[%emt 0:02:39]} g5 {[%emt 0:00:00]} 31. Bf2 {[%emt 0:01:13]} Rcd8 {[%emt 0:00:00]} 32. Bd4 {[%emt 0:01:03]} Rf7 {[%emt 0:00:00]} 33. Qh5 {[%emt 0:02:38]} Rd6 {[%emt 0:00:00]} 34. h4 {[%emt 0:02:23]} Rxf5 {[%emt 0:00:00]} 35. Rxf5 {[%emt 0:00:08]} Qh7 {[%emt 0:00:00]} 36. Qf3 {[%emt 0:01:17]} Be7 {[%emt 0:00:00]} 37. Rxd5 {[%emt 0:00:34]} Qb1+ {[%emt 0:00:00]} 38. Kh2 {[%emt 0:00:43]} Qxa2 {[%emt 0:01:35]} 39. Rf5 {[%emt 0:00:48]} Rd8 {[%emt 0:04:25]} 40. hxg5 {[%emt 0:00:30]} Bxg5 {[%emt 0:00:43]} 41. Qb7 {[%emt 0:30:36]} Rxd4 {[%emt 0:02:30]} 42. cxd4 {[%emt 0:00:00]} Qxb2 {[%emt 0:00:16]} 43. Qf7+ {[%emt 0:00:00]} Kh8 {[%emt 0:00:04]} 44. Re5 {[%emt 0:00:00]} 1-0

[Event "AUT-ch Open 2020"]
[Site "Graz"]
[Date "2020.02.15"]
[Round "2.10"]
[White "Stanec, Nikolaus"]
[Black "Soham Das"]
[Result "0-1"]
[WhiteElo "2520"]
[BlackElo "2520"]
[Annotator "TA"]
[PlyCount "60"]
[EventDate "2020.02.14"]
[EventType "swiss"]
[EventCountry "AUT"]
[SourceTitle "playchess.com"]
[Source "ChessBase"]
[SourceQuality "1"]

{[%evp 11,60,-3,7,0,0,-14,-4,-64,-31,-27,-35,-36,-49,-38,-35,-33,-30,-47,-29,-28,-30,-43,0,-12,-11,-14,-4,-10,0,0,40,39,39,29,77,70,185,188,181,188,182,192,201,125,116,102,131,-262,-251,-255,-254]} 1. e4 c5 2. Nf3 d6 3. c3 Nf6 4. Bd3 Nc6 5. h3 d5 6. e5 Nd7 7. Bb5 {B50: Sicilian: 2...d6, Miscellaneous.} Qb6 8. Qe2 c4 9. Ba4 (9. Bxc6 $1 $11 bxc6 10. e6 fxe6 11. O-O) 9... Nc5 10. Bc2 g6 11. d4 cxd3 $1 12. Bxd3 {[#]} Nxd3+ $146 ({Predecessor:} 12... Bg7 13. O-O Nxd3 14. Qxd3 Nxe5 15. Nxe5 Bxe5 16. Qxd5 Bg7 17. a4 O-O 18. a5 Qc7 19. Na3 {½-½ (19) Parezanin,D (2290)-Tancik,K (2272) Novi Sad 2015}) 13. Qxd3 Bg7 14. Qe2 d4 15. O-O O-O 16. Re1 Bf5 17. cxd4 Nxd4 18. Nxd4 Qxd4 19. Nc3 Rfd8 20. Bg5 f6 21. exf6 exf6 22. Be3 Qd3 {[#]} 23. Qf3 $1 b5 ({Better is} 23... Qa6 $14) 24. Rad1 $18 Qc4 25. Rd4 $36 {[%mdl 2048] Black is under strong pressure.} Qf7 26. Nxb5 {Black must now prevent Nd6.} Qxa2 27. Nxa7 Re8 28. Nc6 Rac8 29. Bd2 $2 {[%mdl 8192]} (29. b4 $16) 29... Rxe1+ $19 30. Bxe1 {[#] Strongly threatening Ne7+.} Qe6 {[%mdl 64] Double Attack. Accuracy: White = 69%, Black = 67%.} 0-1

[Event "AUT-ch Open 2020"]
[Site "Graz"]
[Date "2020.02.15"]
[Round "2.10"]
[White "Matosec, Thomas"]
[Black "Lim, Zhuo Ren"]
[Result "0-1"]
[WhiteElo "2071"]
[BlackElo "2296"]
[Annotator "ChessBase"]
[PlyCount "100"]
[EventDate "2020.02.14"]
[EventType "swiss"]
[EventCountry "AUT"]
[SourceTitle "playchess.com"]
[Source "ChessBase"]
[SourceQuality "1"]
[TimeControl "40/5400+30:1800+30"]

1. e4 {[%emt 0:00:00]} c5 {[%emt 0:00:00]} 2. Nc3 {[%emt 0:00:00]} d6 {[%emt 0:00:20]} 3. f4 {[%emt 0:00:00]} Nc6 {[%emt 0:00:22]} 4. Nf3 {[%emt 0:00:09]} g6 {[%emt 0:00:31]} 5. Bb5 {[%emt 0:00:30]} Bd7 {[%emt 0:00:15]} 6. a4 {[%emt 0:00:12]} Bg7 {[%emt 0:00:24]} 7. O-O {[%emt 0:00:16]} Nf6 {[%emt 0:04:55]} 8. d3 {[%emt 0:00:50]} O-O {[%emt 0:00:28]} 9. h3 {[%emt 0:00:33]} a6 {[%emt 0:05:17]} 10. Bc4 {[%emt 0:00:21]} Nd4 {[%emt 0:00:16]} 11. Nxd4 {[%emt 0:16:27]} cxd4 {[%emt 0:00:05]} 12. Nd5 {[%emt 0:00:04]} Nxd5 {[%emt 0:05:55]} 13. Bxd5 {[%emt 0:00:22]} e6 {[%emt 0:00:08]} 14. Bb3 {[%emt 0:00:23]} Kh8 {[%emt 0:04:42]} 15. Bd2 {[%emt 0:03:45]} a5 {[%emt 0:01:02]} 16. Bc4 {[%emt 0:04:34]} Qe8 {[%emt 0:01:34]} 17. b4 {[%emt 0:03:11]} Bxa4 {[%emt 0:05:47]} 18. bxa5 {[%emt 0:02:08]} Bc6 {[%emt 0:02:16]} 19. Bb4 {[%emt 0:02:22]} Qd7 {[%emt 0:00:05]} 20. Qe1 {[%emt 0:22:57]} Rfe8 {[%emt 0:04:38]} 21. Bb3 {[%emt 0:00:19]} f5 {[%emt 0:06:29]} 22. e5 {[%emt 0:03:48]} dxe5 {[%emt 0:00:13]} 23. fxe5 {[%emt 0:00:10]} Bd5 {[%emt 0:00:50]} 24. Bd6 {[%emt 0:12:38]} Bxb3 {[%emt 0:00:46]} 25. cxb3 {[%emt 0:00:02]} Qb5 {[%emt 0:00:12]} 26. b4 {[%emt 0:00:34]} Qxd3 {[%emt 0:01:05]} 27. Rd1 {[%emt 0:01:49]} Qe3+ {[%emt 0:03:48]} 28. Kh1 {[%emt 0:02:40]} Rec8 {[%emt 0:07:37]} 29. Qh4 {[%emt 0:01:34]} Rc2 {[%emt 0:08:43]} 30. Rfe1 {[%emt 0:02:31]} Qc3 {[%emt 0:01:57]} 31. Qxd4 {[%emt 0:01:26]} Qg3 {[%emt 0:00:23]} 32. Qg1 {[%emt 0:01:13]} Rac8 {[%emt 0:04:39]} 33. Rc1 {[%emt 0:01:25]} Bh6 {[%emt 0:00:55]} 34. Rxc2 {[%emt 0:00:15]} Rxc2 {[%emt 0:00:04]} 35. Rf1 {[%emt 0:03:14]} Bf4 {[%emt 0:02:37]} 36. Rf3 {[%emt 0:02:57]} Qh4 {[%emt 0:01:06]} 37. Be7 {[%emt 0:00:24]} g5 {[%emt 0:01:32]} 38. Bf6+ {[%emt 0:01:59]} Kg8 {[%emt 0:01:16]} 39. Rd3 {[%emt 0:04:34]} Rc1 {[%emt 0:01:34]} 40. Rd1 {[%emt 0:00:02]} Rc3 {[%emt 0:00:43]} 41. Qf1 {[%emt 0:36:33]} Qg3 {[%emt 0:31:39]} 42. Qg1 {[%emt 0:00:00]} Qh4 {[%emt 0:00:00]} 43. Qf1 {[%emt 0:00:00]} Kf7 {[%emt 0:00:00]} 44. b5 {[%emt 0:00:00]} Kg6 {[%emt 0:00:00]} 45. a6 {[%emt 0:00:00]} bxa6 {[%emt 0:00:00]} 46. bxa6 {[%emt 0:00:00]} Qg3 {[%emt 0:00:00]} 47. Qg1 {[%emt 0:00:00]} Ra3 {[%emt 0:26:22]} 48. Rf1 {[%emt 0:00:00]} Qh4 {[%emt 0:00:00]} 49. Rf2 {[%emt 0:00:00]} Be3 {[%emt 0:00:00]} 50. g3 {[%emt 0:01:02]} Qe4+ {[%emt 0:00:00]} 0-1

[Event "AUT-ch Open 2020"]
[Site "Graz"]
[Date "2020.02.15"]
[Round "2.11"]
[White "Stoleriu, George"]
[Black "Vorobiov, Evgeny E."]
[Result "0-1"]
[WhiteElo "2520"]
[BlackElo "2520"]
[Annotator "TA"]
[PlyCount "104"]
[EventDate "2020.02.14"]
[EventType "swiss"]
[EventCountry "AUT"]
[SourceTitle "playchess.com"]
[Source "ChessBase"]
[SourceQuality "1"]

{[%evp 10,114,24,-1,15,-20,-19,-7,-15,-25,-25,-10,-14,-27,-25,-12,-13,-16,-13,-29,-27,-28,-25,-23,0,0,2,0,15,-18,-6,-10,0,-15,-10,-8,7,6,8,9,9,-78,-62,-66,-68,-77,-82,-70,-70,-56,-62,-70,-41,-75,-65,-125,-122,-112,-112,-134,-140,-136,-144,-114,-89,-130,-121,-140,0,-118,0,-144,-144,-139,-154,-196,-216,-360,-360,-360,-360,-360,-357,-636,-216,-216,-216,-216,-216,-216,-216,-216,-216,-216,-216,-216,-216,-29964,-29965,-29965,-29966,-29968,-29969,-29976,-29977,-29976,-29968]} 1. e4 c5 2. Nf3 e6 3. b3 Nc6 4. Bb2 d5 5. exd5 exd5 6. d4 Nf6 {B40: Sicilian: 2...e6, Unusual lines.} 7. Be2 cxd4 8. O-O Bc5 {The position is equal.} 9. Nxd4 O-O 10. Nxc6 bxc6 11. Bd3 {[#]} Qd6 $146 ({Predecessor:} 11... Re8 12. Nd2 a5 13. Qf3 Ng4 14. h3 h5 15. hxg4 hxg4 16. Qg3 Bd6 17. f4 Bc5+ {½-½ (40) Kauppinen,M-Aho,P Finland 1986}) 12. Qf3 Ng4 {[%csl Gg4][%cal Rd6h2]} 13. Qh3 {[%csl Gd3][%cal Rh3h7]} h6 {Hoping for ...Nxf2.} 14. Qg3 Qe7 15. Nc3 Bd6 16. f4 Re8 17. Kh1 Bd7 18. Rae1 Qf8 19. Na4 {Strongly threatening h3.} f5 20. h3 Nf6 21. Qg6 Rxe1 22. Rxe1 Bxf4 {[#]} (22... Re8 {feels hotter.} 23. Rxe8 Bxe8 24. Qxf5 Bd7 25. Qg6 Bxf4 26. Bxf6 Qxf6 27. Qxf6 gxf6 28. g4 Be3) 23. Nc5 $1 {[%mdl 512]} Qxc5 24. Bxf6 {[%csl Gf6][%cal Rg6g7]} Qf8 $132 {[%mdl 2048] Black puts up resistance} 25. Bxg7 (25. Rf1 $11 {keeps the balance.}) 25... Qxg7 $17 26. Qxg7+ Kxg7 27. Re7+ {[%mdl 64] Double Attack} Kf6 28. Rxd7 {[%mdl 4096] Endgame KRB-KRB} Bg3 $1 29. Kg1 Re8 30. Rxa7 Re1+ 31. Bf1 Rc1 32. Rh7 ({White should try} 32. Ra8 $1 $15) 32... Kg6 33. Re7 Rxc2 34. Re2 Rc1 35. Re3 f4 36. Re6+ Kg5 37. a4 Be1 38. Bd3 Bg3+ 39. Bf1 Be1 40. Bd3 $1 Bh4+ 41. Bf1 d4 42. Re5+ Kg6 $1 {And now ...Bf6 would win.} 43. b4 (43. g3 {was called for.} Bxg3 44. Re8) 43... d3 $19 44. Re6+ Kf5 45. Rd6 {[#]} Ke4 $1 46. b5 $2 (46. a5 Bf6 47. Rxf6) 46... cxb5 $2 (46... c5 {Threatens to win with ...c4.} 47. b6 c4) 47. axb5 {[#]} Bf6 $1 {[%mdl 512]} 48. Rxf6 {KRB-KR} d2 49. Rd6 d1=Q 50. Rxd1 Rxd1 {KR-KB} 51. Kf2 Rd2+ 52. Be2 Ra2 {Played: Rd2-b2} 0-1